01067 2200349 4500001002100000005001500021035002000036007000300056040001700059100005700076245014300133250001100276300003400287020002200321041000800343082000800351084001400359090001400373264003700387336002100424337003000445338002300475500002800498650001600526700004000542850001000582008004100592990002200633990002200655990002000677990002000697INLIS00000000000933320260422074953 a0010-1122000292ta aSBPUPADbind0 aKomunitas Penulis Bacaan Anak (PBA) JatimePengarang1 aGudang Simpang Siur :b+ Dua Belas Dongeng Seru Pembangun Karakter /cKomunitas Penulis Bacaan Anak (PBA) Jatim.; Editor, Benedicta Rini W aCet.10 avi 102 hlm. :bilus. ;c19 cm a978-979-29-3934-70 bind a398 a398 KOM g a398 KOM g aYogyakarta :bAndi Offset,c2013 2rdacontentateks 2rdamediaatanpa perantara 2rdacarrieravolume aBiodata Penulis, hlm 98 4aBuku Cerita aEditor, Benedicta Rini WePengarang aPUPAD260422 1  a28.199/P/DPK/2018 a28.196/P/DPK/2018 a28.197/P/DPK/18 a28.198/P/DPK/18